ბათუმის შოთა რუსთაველის სახელმწიფო უნივერსიტეტის ბიბლიოთეკა

За пещерным человеком : (ბიბ.ჩანაწერი № 61458)

000 -LEADER
fixed length control field 00611nam a22001697a 4500
005 - DATE AND TIME OF LATEST TRANSACTION
control field 20240315150358.0
008 - FIXED-LENGTH DATA ELEMENTS--GENERAL INFORMATION
fixed length control field 240315s1987 ru ||||| |||| 00| 0 rus d
041 ## - LANGUAGE CODE
Language code of text/sound track or separate title rus
080 ## - UNIVERSAL DECIMAL CLASSIFICATION NUMBER
Universal Decimal Classification number 902.6 C-43
100 ## - MAIN ENTRY--PERSONAL NAME
Personal name Скленарж, К.
9 (RLIN) 21439
245 ## - TITLE STATEMENT
Title За пещерным человеком :
Remainder of title Неформальная энциклопедия /
Statement of responsibility, etc. К. Скленарж.
264 ## - PRODUCTION, PUBLICATION, DISTRIBUTION, MANUFACTURE, AND COPYRIGHT NOTICE
Place of production, publication, distribution, manufacture Москва :
Name of producer, publisher, distributor, manufacturer Знание,
Date of production, publication, distribution, manufacture, or copyright notice 1987.
300 ## - PHYSICAL DESCRIPTION
Extent 272 с. :
Other physical details ил.;
Dimensions 17 см.
653 ## - INDEX TERM--UNCONTROLLED
keyword გამოქვაბულის ადამიანი
653 ## - INDEX TERM--UNCONTROLLED
keyword არქეოლოგია
942 ## - ADDED ENTRY ELEMENTS (KOHA)
Source of classification or shelving scheme
Koha item type წიგნი
ეგზემპლარები
Withdrawn status Lost status Source of classification or shelving scheme Damaged status Not for loan Permanent Location Current Location Shelving location Date acquired Cost, normal purchase price Full call number Barcode Date last seen Copy number Uniform Resource Identifier Price effective from Koha item type Public note
          ბათუმის შოთა რუსთაველის სახელმწიფო უნივერსიტეტის მთავარი ბიბლიოთეკა ბათუმის შოთა რუსთაველის სახელმწიფო უნივერსიტეტის მთავარი ბიბლიოთეკა წიგნსაცავი 2024-03-15 4.00 902.6 C-43 65814 2024-03-15 65814 ბსუ-ს საპატიო დოქტორის გურამ ლორთქიფანიძის საჩუქარი 2024-03-15 წიგნი 4 ლ.